Words that End in "-stly" - Statistics

General Stats
  • This quiz has been taken 170 times
  • The average score is 6 of 21
Answer Stats
Answer % Correct
Mostly
87%
Ghostly
65%
Lastly
65%
Ghastly
62%
Costly
55%
Beastly
46%
Vastly
44%
Firstly
39%
Justly
32%
Honestly
26%
Unjustly
14%
Bristly
11%
Priestly
11%
Gristly
10%
Earnestly
8%
Modestly
6%
Moistly
6%
Robustly
6%
Dishonestly
5%
Manifestly
2%
Steadfastly
2%
No matching quizzes found
Score Distribution
Percent of People with Each Score
Percentile by Number Answered
Your Score History
You have not taken this quiz